Malaysia & Singapore cases : citator 1966-1982
| Main Author: | |
|---|---|
| Other Authors: | |
| Format: | Book |
| Published: |
Kuala Lumpur :
Malaysia Law Publisher ,
1984
|
| Subjects: |
MARC
| LEADER | 00000cam a2200000 7i4500 | ||
|---|---|---|---|
| 001 | 0000002452 | ||
| 005 | 20050426.0 | ||
| 040 | |a INS | ||
| 090 | 0 | 0 | |a RKF5930.4 |b H198 1984 |
| 100 | 1 | |a Hamid Ibrahim | |
| 245 | 1 | 0 | |a Malaysia & Singapore cases : |b citator 1966-1982 |c Hamid Ibrahim |
| 260 | |a Kuala Lumpur : |b Malaysia Law Publisher , |c 1984 | ||
| 300 | |a x, 219p. ; |c 25 cm. | ||
| 650 | 0 | 0 | |a Annotations and citations (law) |
| 650 | 0 | 0 | |a Citation of legal authorities |
| 700 | 0 | |a Nasser Hamid | |
| 999 | |a 0000000776 |b BOOK |c Reference |e Default branch | ||